Regionalismo y multilateralismo /

Salvato in:
Dettagli Bibliografici
Autore principale: Reyes Guzmán, Gerardo
Natura: testo
Soggetti:
Tags: Aggiungi Tag
Nessun Tag, puoi essere il primo ad aggiungerne!!

MARC

LEADER 00000 a a2200000 04500
001 3612
003
040
100 |a Reyes Guzmán, Gerardo  
245 |a Regionalismo y multilateralismo /  |c Gerardo Reyes Guzmán 
500 |a Resumen también en inglés páginas 362  
650 |a LIBRE COMERCIO  
650 |a COMERCIO ENTRE REGIONAES  
650 |a PROMOCION DEL COMERCIO  
773 |g volumen 56, número 4; páginas 336-349  
999 |c 22835  |d 22835